000 00304 a2200157 4500
001 165883
020 _a
040 _cMagnum
100 _aGullar, Ferreira
240 1 0 _aGamacao
_lpor
245 1 0 _aGamacao
362 0 _a1899
440 1 _aGlobal
697 _aJ/ADOLESCENTE, NAMORO
942 _cBK
999 _c165883
_d165883